00298nam a2200121Ia 4500003000400000005001700004008004100021020001800062040002100080100002400101245002600125260002500151OSt20240103122842.0170524s9999 xx 000 0 und d a9788184350197 cIIMT UNIVERSITY  aDRIVEDY- SYAM MOHAN 0aBHARAT ME SEVA CHETRA bNew Delhi : Adhiyaya